| 000 | 01165nam0a22002411 4500 | ||
|---|---|---|---|
| 001 | rc\4252075 | ||
| 005 | 20250611143421.0 | ||
| 021 |
_aRU _b[62-31710] |
||
| 035 | _a(NLR Aleph) 008234699 | ||
| 090 |
_a8239143 _c8239143 |
||
| 100 | _a20130416d1962 |||y0rusy50 ca | ||
| 101 | 0 | _arus | |
| 102 | _aRU | ||
| 105 | _ay z ||||| | ||
| 200 | 1 |
_aЭкономический анализ работы и оборотные средства промышленных предприятий _eДоклад по опублик. работам, представл. к защите на соиск. учен. степени доктора экон. наук _fМ-во торговли РСФСР. Моск. ордена Трудового Красного Знамени ин-т нар. хозяйства им. Г.В. Плеханова |
|
| 210 |
_aМосква _cБ. и. _d1962 |
||
| 215 |
_a78 с. _d22 |
||
| 700 | 1 |
_7ca _8rus _aБарнгольц _bС. Б. _cд-р экон. наук _f1908-2002 _gСарра Бенционовна _9175647 _3RU\NLR\AUTH\770175698 |
|
| 801 | 0 |
_aRU _bNLR _gpsbo |
|
| 801 | 1 |
_aRU _bELAR _2rusmarc |
|
| 852 |
_aNLR _j62-6/6164 |
||
| 942 | _cBOOK | ||
| 980 | _aNB | ||